LIBRARY & INFORMATION CENTRE, KCAET, TAVANUR

ONLINE PUBLIC ACCESS CATALOGUE (OPAC)

Estimating, costing, specification and valuation in civil engineering / (Record no. 7436)

MARC details
000 -LEADER
fixed length control field 00578cam a2200217ua 4500
020 ## - INTERNATIONAL STANDARD BOOK NUMBER
ISBN 81-85304-36-X
041 ## - LANGUAGE CODE
Language code of text/sound track or separate title eng
082 ## - DEWEY DECIMAL CLASSIFICATION NUMBER
Classification number 692.5
Item number CHA/ES
100 ## - MAIN ENTRY--AUTHOR NAME
Personal name Chakraborti, M .
245 ## - TITLE STATEMENT
Title Estimating, costing, specification and valuation in civil engineering /
250 ## - EDITION STATEMENT
Edition statement 11 /
260 ## - PUBLICATION, DISTRIBUTION, ETC. (IMPRINT)
Place of publication Calcutta :
Name of publisher M Chakraborti ,
Year of publication 1992.
300 ## - PHYSICAL DESCRIPTION
Number of Pages 824 ; .
942 ## - ADDED ENTRY ELEMENTS (KOHA)
Koha item type Books
Holdings
Withdrawn status Lost status Damaged status Home library Current library Date acquired Full call number Accession Number Koha item type
      KAUAET KAUAET 07/04/2012 692.5 17910 Books
      KAUAET KAUAET 07/04/2012 692.5 17911 Books
      KAUAET KAUAET 07/04/2012 692.5 18195 Books
      KAUAET KAUAET 07/04/2012 692.5 22055 Books
free website counter